[Event "40th Olympiad Open"]
[Site "Istanbul TUR"]
[Date "2012.08.30"]
[Round "3.73"]
[Board "4"]
[White "Bazil, Joslin"]
[Black "Mooney, Graham"]
[Result "1-0"]
[WhiteElo "1812"]
[BlackElo "1938"]
[WhiteTeam "Haiti"]
[BlackTeam "Jersey"]
[WhiteFideId "11900032"]
[BlackFideId "15600106"]
[EventDate "2012.08.28"]

1. d4 Nf6 2. c4 g6 3. Nc3 Bg7 4. e4 d6 5. Bd3 O-O 6. Nge2 Nbd7 7. f4 e5 8. O-O
exd4 9. Nxd4 Re8 10. Re1 c6 11. Nb3 Nf8 12. h3 N6d7 13. Qf3 Ne6 14. Be3 Qh4 15.
Rad1 Nb6 16. Rf1 Rf8 17. Be2 Rd8 18. Kh2 f5 19. exf5 gxf5 20. Nd4 Nxd4 21. Bxd4
Be6 22. b3 Bxd4 23. Rxd4 d5 24. cxd5 Nxd5 25. Nxd5 Bxd5 26. Qc3 Bf7 27. Bc4 Rxd4
28. Qxd4 Qe7 29. Rf3 Bxc4 30. Rg3+ Kf8 31. Qh8+ Kf7 32. Qxa8 Ba6 33. Qxa7 Qe4
34. Qe3 Kf6 35. Rf3 h5 36. Kg3 Kg6 37. Qd2 Qd5 38. Qf2 Bd3 39. Kh2 Be4 40. Rg3+
Kh6 41. Qb2 Qf7 42. Qh8+ Qh7 43. Qf6+ 1-0

[Event "40th Olympiad Open"]
[Site "Istanbul TUR"]
[Date "2012.08.30"]
[Round "3.74"]
[Board "1"]
[White "Hernandez, Roberto PLW"]
[Black "Mohamed, Hassan MDV"]
[Result "0-1"]
[WhiteElo "1875"]
[BlackElo "1790"]
[WhiteTeam "Palau"]
[BlackTeam "Maldives"]
[WhiteFideId "16600010"]
[BlackFideId "16700058"]
[EventDate "2012.08.28"]

1. f4 d5 2. Nf3 Nf6 3. e3 Bf5 4. d4 Nbd7 5. Nc3 e6 6. Be2 a6 7. O-O c5 8. Ne5
Ne4 9. Na4 f6 10. Nxd7 Qxd7 11. Nb6 Qd8 12. Nxa8 Qxa8 13. c4 Qd8 14. Bh5+ Bg6
15. f5 exf5 16. Rxf5 dxc4 17. Qa4+ b5 18. Qxa6 Bxh5 19. Qxb5+ Kf7 20. Rxh5 g5
21. Qxc4+ Kg6 22. g4 Qd7 23. h3 Qd6 24. Qf1 Ng3 25. Qf3 Nxh5 26. gxh5+ Kf7 27.
dxc5 Qe5 28. Qb7+ Be7 29. Qb3+ Kg7 30. Kg2 Rd8 31. a4 Qe4+ 32. Kf2 Bxc5 33. Qc3
Qf5+ 34. Kg2 Rd1 35. Qc4 Bd6 36. Qe2 Qe4+ 37. Kf2 Rh1 38. Qb5 Rh2+ 39. Ke1 Bg3+ 0-1

[Event "40th Olympiad Open"]
[Site "Istanbul TUR"]
[Date "2012.08.30"]
[Round "3.74"]
[Board "4"]
[White "Ahmed, Ashraf"]
[Black "Manuel, Menandro"]
[Result "1-0"]
[WhiteElo "1784"]
[BlackElo "1922"]
[WhiteTeam "Maldives"]
[BlackTeam "Palau"]
[WhiteFideId "16700031"]
[BlackFideId "16600029"]
[EventDate "2012.08.28"]

1. e4 c5 2. Nf3 d6 3. Nc3 a6 4. d4 cxd4 5. Nxd4 Nf6 6. Be3 e6 7. Be2 Nbd7 8. Qd2
Qc7 9. f4 b5 10. Bf3 Bb7 11. a3 Nc5 12. e5 dxe5 13. fxe5 Qxe5 14. Bxb7 Nxb7 15.
O-O-O Qc7 16. Bf4 Qc4 17. Be5 O-O-O 18. Bg3 Bc5 19. Qf4 Bd6 20. Qg5 Bxg3 21.
hxg3 Rhg8 22. Nf3 Rxd1+ 23. Rxd1 h6 24. Qe3 Qc5 25. Qf4 Rd8 26. Rxd8+ Nxd8 27.
Qd2 Ng4 28. Nd1 Qd5 29. Qc3+ Qc4 30. Qxg7 f5 31. Qa7 Qc6 32. Nd4 Qd6 33. c3 Ne5
34. Ne3 Nd7 35. a4 bxa4 36. Nc4 Qxg3 37. Qxa6+ Nb7 38. Qa8+ Nb8 39. Qxa4 Qg5+
40. Kb1 Qe7 41. Qa8 Qc5 42. Qa4 Nd8 43. Qb3 Nbc6 44. Nb6+ Kc7 45. Na8+ Kd6 46.
Nb5+ Ke7 47. Nac7 Ne5 48. Qd1 Nc4 49. Qxd8+ Kxd8 50. Nxe6+ Kd7 51. Nxc5+ Kc6 52.
Nd4+ Kxc5 53. Nxf5 h5 54. Ng7 Kd5 1-0

[Event "40th Olympiad Open"]
[Site "Istanbul TUR"]
[Date "2012.08.30"]
[Round "3.75"]
[Board "2"]
[White "Mustafa, Wail"]
[Black "Shrestha, Keshav"]
[Result "1/2-1/2"]
[BlackTitle "CM"]
[WhiteElo "2075"]
[BlackElo "2127"]
[WhiteTeam "Palestine"]
[BlackTeam "Nepal"]
[WhiteFideId "4672062"]
[BlackFideId "12300055"]
[EventDate "2012.08.28"]

1. Nf3 d5 2. d4 c6 3. e3 Nf6 4. Bd3 Nbd7 5. b3 e6 6. O-O Bd6 7. Bb2 O-O 8. Nbd2
Re8 9. Ne5 Bf8 10. f4 g6 11. Qf3 Bg7 12. a4 Qc7 13. g4 Nf8 14. Rf2 N6d7 15. g5
f5 16. gxf6 Nxf6 17. Ba3 b6 18. Rg2 c5 19. a5 Bd7 20. Qf1 Rac8 21. Ndf3 Red8 22.
Ng5 Be8 23. Bb5 Bxb5 24. Qxb5 Ne4 25. Bb2 Nd6 26. Qe2 Nf5 27. a6 cxd4 28. exd4
Re8 29. Rc1 Nd7 30. Qd3 Nxe5 31. fxe5 Qe7 32. Rf1 Rf8 33. Bc1 Bh6 34. Nf3 Bxc1
35. Rxc1 Nh4 36. Nxh4 Qxh4 37. Rd1 Rf4 38. Kh1 Rcf8 39. Rdg1 Re4 40. c3 Rf2 41.
Rxf2 Qxf2 42. Qh3 Kg7 43. Rf1 Re1 44. Rxe1 Qxe1+ 45. Kg2 Qe4+ 46. Qf3 Qxf3+ 47.
Kxf3 b5 48. Ke3 Kf7 49. Kd3 Ke7 50. c4 bxc4+ 51. bxc4 dxc4+ 52. Kxc4 g5 53. d5
exd5+ 54. Kxd5 h5 55. Kc6 g4 56. Kb7 h4 57. Kxa7 g3 58. hxg3 hxg3 59. Kb8 g2 60.
a7 g1=Q 61. a8=Q Qg8+ 62. Ka7 Qa2+ 63. Kb8 1/2-1/2

[Event "40th Olympiad Open"]
[Site "Istanbul TUR"]
[Date "2012.08.30"]
[Round "3.75"]
[Board "3"]
[White "Jaiswal, Rupesh"]
[Black "Tamra, Attallah"]
[Result "1-0"]
[WhiteElo "1956"]
[BlackElo "2084"]
[WhiteTeam "Nepal"]
[BlackTeam "Palestine"]
[WhiteFideId "12300870"]
[BlackFideId "11500255"]
[EventDate "2012.08.28"]

1. d4 Nf6 2. Nf3 e6 3. Bf4 c5 4. e3 b6 5. Bd3 Bb7 6. Nbd2 Be7 7. O-O d6 8. c3
cxd4 9. exd4 O-O 10. Rc1 Nbd7 11. Re1 Re8 12. Bb1 Rc8 13. Ng5 Bf8 14. Nge4 Nxe4
15. Nxe4 Nf6 16. Bg5 Be7 17. Ng3 g6 18. Qd2 b5 19. Bd3 a6 20. a3 Bd5 21. f3 Nd7
22. Bxe7 Qxe7 23. Be4 Bxe4 24. Rxe4 d5 25. Re2 Qh4 26. Nh1 Nb6 27. g3 Qf6 28. f4
Nc4 29. Qd3 h5 30. Nf2 Kg7 31. Qf3 a5 32. Nd3 Re7 33. Rce1 Nd6 34. h3 Ne4 35.
Kg2 Rh8 36. Ne5 Rc7 37. Rc2 b4 38. axb4 axb4 39. c4 dxc4 40. Qxe4 Rhc8 41. Rec1
c3 42. bxc3 b3 43. Rb2 Rxc3 44. Rxc3 Rxc3 45. Qe1 Rc2+ 46. Rxc2 bxc2 47. Nd3
Qxd4 48. Qe5+ Qxe5 49. fxe5 f6 50. Kf2 fxe5 51. Ke3 Kf6 52. Ke4 g5 53. g4 hxg4
54. hxg4 Kg6 55. Nc1 Kf6 56. Ne2 Ke7 57. Kd3 Kd6 58. Kxc2 e4 59. Kd2 e3+ 60.
Kxe3 Ke5 61. Ng3 Kf6 62. Ke4 Kg6 63. Ke5 Kf7 64. Ne4 Kg6 65. Kxe6 Kg7 66. Nxg5
Kg6 67. Ne4 Kg7 68. Kf5 Kf7 69. g5 Kg7 70. g6 Kg8 71. Kf6 Kf8 72. g7+ 1-0

[Event "40th Olympiad Open"]
[Site "Istanbul TUR"]
[Date "2012.08.30"]
[Round "3.77"]
[Board "1"]
[White "Meshkov, Yuri A."]
[Black "Meza Martinez, Alcides Ivan"]
[Result "1/2-1/2"]
[WhiteTitle "IM"]
[WhiteElo "2390"]
[BlackElo "2187"]
[WhiteTeam "IBCA"]
[BlackTeam "Honduras"]
[WhiteFideId "4107101"]
[BlackFideId "8400610"]
[EventDate "2012.08.28"]

1. e4 e6 2. Qe2 Be7 3. b3 d5 4. Bb2 Nf6 5. e5 Nfd7 6. h4 c5 7. g3 Nc6 8. f4 Qc7
9. Nf3 b6 10. Bg2 Bb7 11. d3 O-O-O 12. c4 d4 13. a3 f6 14. exf6 Bxf6 15. Nbd2 e5
16. f5 Ne7 17. Ng5 Bxg5 18. Bxb7+ Qxb7 19. Ne4 Kb8 20. hxg5 Nxf5 21. O-O Rdf8
22. Bc1 Qc6 23. b4 Nd6 24. Rxf8+ Rxf8 25. b5 Qc7 26. Bd2 Nxe4 27. Qxe4 Qb7 28.
Qxb7+ Kxb7 29. Kg2 g6 30. Re1 Kc7 31. a4 Kd6 32. Ra1 Ke6 33. a5 Kf5 34. axb6
axb6 35. Rh1 Ra8 36. Kf3 Nf8 37. Rf1 Nd7 38. Ke2+ Ke6 39. Rh1 Nf8 40. Kf3 Ra2
41. Ke2 Ke7 42. Rh4 Kd6 43. Kd1 Ke6 44. Ke1 Kd6 45. Kd1 Ra7 46. Ke2 Ne6 47. Ke1
Nd8 48. Ke2 Ke6 49. Rh1 Kd6 50. Rh4 Re7 51. Kf3 Rf7+ 52. Ke2 Nb7 53. Rh1 Ke6 54.
Ra1 Nd6 55. Ra8 Rb7 56. Rf8 Rf7 57. Rb8 Rb7 58. Rf8 Nf5 59. Be1 Nd6 60. Bd2 Rf7 1/2-1/2

[Event "40th Olympiad Open"]
[Site "Istanbul TUR"]
[Date "2012.08.30"]
[Round "3.77"]
[Board "3"]
[White "Grigorchuk, Sergey"]
[Black "Bobadilla, Yelso"]
[Result "1-0"]
[WhiteElo "2298"]
[BlackElo "1874"]
[WhiteTeam "IBCA"]
[BlackTeam "Honduras"]
[WhiteFideId "14114879"]
[BlackFideId "8400970"]
[EventDate "2012.08.28"]

1. d4 d5 2. c4 c6 3. cxd5 cxd5 4. Nc3 Bf5 5. Qb3 e6 6. Qxb7 Nd7 7. e3 Ngf6 8.
Nf3 Be7 9. Be2 O-O 10. O-O Qa5 11. Qa6 Qb4 12. Qa4 Qd6 13. Qd1 Rfb8 14. b3 a6
15. Bb2 Be4 16. Rc1 Ng4 17. g3 Ngf6 18. Nxe4 Nxe4 19. Nd2 Nef6 20. Bd3 a5 21. a4
Qb6 22. Bb5 Rc8 23. Qe2 Bb4 24. Nf3 h6 25. Rc2 Qd8 26. Rfc1 Ne4 27. Bd3 Ndf6 28.
Ne5 Rxc2 29. Qxc2 Bd2 30. Rd1 Rc8 31. Nc6 Qd6 32. Ne7+ Qxe7 33. Qxc8+ Kh7 34.
Rxd2 1-0

[Event "40th Olympiad Open"]
[Site "Istanbul TUR"]
[Date "2012.08.30"]
[Round "3.78"]
[Board "1"]
[White "Nyambalo, Joseph Xavier"]
[Black "Yarmonov, Igor"]
[Result "1/2-1/2"]
[BlackTitle "IM"]
[WhiteElo "2100"]
[BlackElo "2333"]
[WhiteTeam "Malawi"]
[BlackTeam "IPCA"]
[WhiteFideId "20500041"]
[BlackFideId "14114496"]
[EventDate "2012.08.28"]

1. Nf3 Nf6 2. d4 d5 3. c4 dxc4 4. Nc3 c5 5. e4 cxd4 6. Qxd4 Qxd4 7. Nxd4 a6 8.
Bxc4 b5 9. Bd5 Ra7 10. Bf4 Nbd7 11. Bc6 e6 12. Bb8 Rb7 13. Bxb7 Bxb7 14. Ba7 b4
15. Na4 Nxe4 16. O-O Bd6 17. Rad1 Ke7 18. f3 Ra8 19. Bb6 Nef6 20. Rfe1 g6 21.
Nb3 Bc6 22. Bc5 Nxc5 23. Naxc5 a5 24. Ne4 Nxe4 25. fxe4 Be5 26. Rc1 Be8 27. Rc5
Bxb2 28. Rxa5 Rd8 29. Ra7+ Kf8 30. Rf1 h5 31. h3 Kg7 32. Rb7 Bc3 33. Kh1 Kh6 34.
Re7 h4 35. Rc7 f6 36. Nc5 Rd6 37. Re7 Bb5 38. Rb1 Bc4 39. Nb3 Ra6 40. Rc7 Bd3
41. Nc5 Bxb1 42. Nxa6 Bxa2 43. Nxb4 Bxb4 44. Ra7 Bb1 45. Rb7 Bxe4 46. Rxb4 f5
47. Kg1 g5 48. Kf2 Kg6 49. g4 hxg3+ 50. Kxg3 f4+ 51. Kf2 Kf5 52. Rb8 Kf6 53. Rb4
Ke5 54. Rb5+ Bd5 55. Rb8 Kd4 56. Rg8 e5 57. Rxg5 e4 58. Rf5 e3+ 59. Ke1 f3 60.
h4 Ke4 61. Rf8 Be6 62. h5 Bf5 63. h6 f2+ 64. Ke2 Bg4+ 65. Kf1 Bh3+ 1/2-1/2

[Event "40th Olympiad Open"]
[Site "Istanbul TUR"]
[Date "2012.08.31"]
[Round "4.21"]
[Board "1"]
[White "Solomon, Kenny"]
[Black "Vescovi, Giovanni"]
[Result "1/2-1/2"]
[WhiteTitle "IM"]
[BlackTitle "GM"]
[WhiteElo "2414"]
[BlackElo "2617"]
[WhiteTeam "South Africa"]
[BlackTeam "Brazil"]
[WhiteFideId "14300192"]
[BlackFideId "2100789"]
[EventDate "2012.08.28"]

1. d4 Nf6 2. c4 e6 3. Nf3 b6 4. g3 Bb7 5. Bg2 Be7 6. O-O O-O 7. Re1 Qc8 8. Bg5
h6 9. Bxf6 Bxf6 10. e4 d6 11. Nc3 Nd7 12. Qd2 a6 13. Rad1 Re8 14. h4 c5 15. dxc5
Nxc5 16. Qxd6 Bxc3 17. bxc3 Nxe4 18. Qxb6 Nxc3 19. Rd4 Na4 20. Qa5 Nc5 21. Qc3
Qc7 22. Ne5 Bxg2 23. Kxg2 Rad8 24. Nf3 Rxd4 25. Nxd4 Rd8 26. Nb3 Nd3 27. Re3
Qb7+ 28. Kg1 Nb4 29. Nc1 Nc6 30. Nb3 Nb4 31. Nc1 Rc8 32. Qb3 Qe7 33. Ne2 Qc5 34.
a3 Nc6 35. Qb7 Rb8 36. Qxa6 Ne5 37. Nf4 Ng4 38. Re2 Rb3 39. Qa8+ Kh7 40. Kg2
Qxc4 41. Qe4+ Qxe4+ 42. Rxe4 Rxa3 43. Re2 g5 44. hxg5 hxg5 45. Nh3 Kg6 46. Ng1
Kf5 47. Nf3 e5 48. Ne1 f6 49. Nc2 Rc3 50. f3 Nh6 51. Ne3+ Ke6 52. g4 Nf7 53. Nf5
Nh8 54. Ra2 Rc6 55. Ng7+ Kd6 56. Nf5+ Ke6 57. Ng7+ Kd6 58. Nf5+ Ke6 1/2-1/2

[Event "40th Olympiad Open"]
[Site "Istanbul TUR"]
[Date "2012.08.31"]
[Round "4.21"]
[Board "2"]
[White "Fier, Alexandr"]
[Black "Kobese, Watu"]
[Result "1-0"]
[WhiteTitle "GM"]
[BlackTitle "IM"]
[WhiteElo "2582"]
[BlackElo "2363"]
[WhiteTeam "Brazil"]
[BlackTeam "South Africa"]
[WhiteFideId "2107139"]
[BlackFideId "14300141"]
[EventDate "2012.08.28"]

1. d4 d5 2. c4 e6 3. Nf3 c5 4. e3 Nf6 5. Nc3 a6 6. b3 cxd4 7. exd4 Bb4 8. Bd2
dxc4 9. bxc4 Nc6 10. Ne2 Be7 11. g3 Ne4 12. Bg2 Nxd2 13. Qxd2 Bb4 14. Nc3 O-O
15. Rc1 Qf6 16. O-O Rd8 17. Rfd1 e5 18. dxe5 Rxd2 19. exf6 Rxd1+ 20. Nxd1 gxf6
21. Ne3 Ne7 22. Nd4 Rb8 23. Rd1 Ba5 24. Nb3 Bc7 25. Nc5 Kg7 26. Nd7 Ra8 27. c5
a5 28. Nc4 a4 29. a3 Ra6 30. Ncb6 Bxb6 31. Nxb6 Ra5 32. Rc1 Rb5 33. Nxa4 Bd7 34.
Nb6 Bc6 35. Bxc6 Nxc6 36. a4 Rb2 37. Nc4 Ra2 38. Nd6 Rb2 39. h4 h5 40. Rd1 Kg6
41. f4 Ne7 42. a5 Nf5 43. Rd3 Ne7 44. Re3 Nf5 45. Nxf5 Kxf5 46. c6 bxc6 47. Ra3
Rb7 48. a6 Ra7 49. Kf2 Kg4 50. f5 c5 51. Ra4+ Kxf5 52. Kf3 Ke5 53. Ke3 f5 54.
Kd3 Kd5 55. Kc3 f6 56. Kd3 f4 57. gxf4 f5 58. Ra5 Kc6 59. Kc4 Kb6 60. Ra1 Ra8
61. a7 1-0

[Event "40th Olympiad Open"]
[Site "Istanbul TUR"]
[Date "2012.08.31"]
[Round "4.21"]
[Board "3"]
[White "Steel, Henry Robert"]
[Black "Milos, Gilberto"]
[Result "1/2-1/2"]
[WhiteTitle "FM"]
[BlackTitle "GM"]
[WhiteElo "2397"]
[BlackElo "2593"]
[WhiteTeam "South Africa"]
[BlackTeam "Brazil"]
[WhiteFideId "14300567"]
[BlackFideId "2100029"]
[EventDate "2012.08.28"]

1. e4 d6 2. d4 Nf6 3. Nc3 g6 4. Nf3 Bg7 5. h3 a6 6. Bd3 O-O 7. O-O Nc6 8. d5 Ne5
9. Nxe5 dxe5 10. a4 e6 11. dxe6 Bxe6 12. a5 Nh5 13. Qf3 Qh4 14. Rd1 Rad8 15. Be3
Nf4 16. Bf1 c6 17. Rxd8 Rxd8 18. Rd1 Bf8 19. Bb6 Rxd1 20. Qxd1 Qe7 21. Qd8 Qxd8
22. Bxd8 Bd6 23. Na4 Kf8 24. Bb6 Ke7 25. Nc5 Bc8 26. Bc4 g5 27. c3 h5 28. f3 h4
29. Kf2 Ke8 30. b4 Ke7 31. Nb3 Ke8 32. Bf1 Be6 33. Nc5 Bc8 34. Nb3 Be6 35. Nd2
f6 36. Nc4 Be7 37. Be3 Kd7 38. Nb6+ Kc7 39. Na4 Bd6 40. Bb6+ Kc8 41. Nb2 Kd7 42.
Nc4 Be7 43. Nb2 1/2-1/2

[Event "40th Olympiad Open"]
[Site "Istanbul TUR"]
[Date "2012.08.31"]
[Round "4.22"]
[Board "4"]
[White "Al-Sulaiti, Ghanem"]
[Black "Forster, Richard"]
[Result "0-1"]
[WhiteTitle "FM"]
[BlackTitle "IM"]
[WhiteElo "2178"]
[BlackElo "2459"]
[WhiteTeam "Qatar"]
[BlackTeam "Switzerland"]
[WhiteFideId "12100358"]
[BlackFideId "1301764"]
[EventDate "2012.08.28"]

1. e4 c5 2. Nf3 e6 3. b3 d6 4. Bb5+ Nd7 5. O-O Nf6 6. Re1 a6 7. Bd3 b6 8. c3 Bb7
9. Bc2 Qc7 10. Qe2 Rc8 11. d3 g6 12. Bb2 Bg7 13. Nbd2 O-O 14. Rac1 e5 15. d4
exd4 16. cxd4 Rfe8 17. dxc5 bxc5 18. Bxf6 Nxf6 19. Qf1 a5 20. Rcd1 h6 21. Nc4
Re6 22. Rxd6 Rxd6 23. Nxd6 Qxd6 24. e5 Qa6 25. Bd3 Qa8 26. exf6 Bxf6 27. Qe2 Bc3
28. Rc1 Re8 29. Qc2 Bxf3 30. gxf3 Bd4 31. Be4 Qd8 32. Qd2 Bxf2+ 33. Qxf2 Qg5+
34. Qg3 Qxc1+ 35. Kg2 Qb2+ 36. Kh3 Qf6 37. Qc7 Kg7 38. Qxa5 Rxe4 0-1

[Event "40th Olympiad Open"]
[Site "Istanbul TUR"]
[Date "2012.08.31"]
[Round "4.23"]
[Board "3"]
[White "Flores Rios, Mauricio"]
[Black "Vocaturo, Daniele"]
[Result "0-1"]
[WhiteTitle "GM"]
[BlackTitle "GM"]
[WhiteElo "2498"]
[BlackElo "2542"]
[WhiteTeam "Chile"]
[BlackTeam "Italy"]
[WhiteFideId "3408027"]
[BlackFideId "813192"]
[EventDate "2012.08.28"]

1. e4 c5 2. Nf3 d6 3. d4 cxd4 4. Nxd4 Nf6 5. Nc3 a6 6. Be3 e5 7. Nb3 Be6 8. f3
Be7 9. Qd2 O-O 10. O-O-O Nbd7 11. g4 b5 12. g5 b4 13. Ne2 Ne8 14. f4 a5 15. f5
Bxb3 16. cxb3 a4 17. bxa4 Rxa4 18. b3 Ra5 19. f6 gxf6 20. Ng3 Ng7 21. h4 d5 22.
exd5 Bc5 23. Bxc5 Nxc5 24. Kb1 f5 25. Bc4 f4 26. Ne2 Qd6 27. Qxb4 Qg6+ 28. Bd3
Nxd3 29. Qxa5 Nf2+ 30. Kb2 Nxh1 31. Rxh1 Qe4 32. Qe1 Nf5 33. Nc3 Qg2+ 34. Ka1
Ne3 35. Qb1 Nc2+ 36. Kb2 Ne1+ 37. Ka3 Ra8+ 0-1

[Event "40th Olympiad Open"]
[Site "Istanbul TUR"]
[Date "2012.08.31"]
[Round "4.23"]
[Board "4"]
[White "Dvirnyy, Daniyyl"]
[Black "Valdes Escobar, Alvaro"]
[Result "1/2-1/2"]
[WhiteTitle "IM"]
[BlackTitle "IM"]
[WhiteElo "2520"]
[BlackElo "2402"]
[WhiteTeam "Italy"]
[BlackTeam "Chile"]
[WhiteFideId "817570"]
[BlackFideId "3405451"]
[EventDate "2012.08.28"]

1. e4 c5 2. Nf3 d6 3. d4 cxd4 4. Nxd4 Nf6 5. Nc3 Nc6 6. Bg5 e6 7. Qd2 a6 8.
O-O-O Be7 9. Kb1 Nxd4 10. Qxd4 b5 11. Bxf6 gxf6 12. f4 Bb7 13. f5 Qc7 14. fxe6
fxe6 15. Be2 h5 16. a4 bxa4 17. Qxa4+ Kf7 18. Rhf1 Rac8 19. Qb3 Rb8 20. Qa2 Qxc3
21. bxc3 Bd5+ 22. Qb2 Rxb2+ 23. Kxb2 Bxe4 24. Bf3 Rb8+ 25. Kc1 Bg6 26. Rd4 d5
27. Ra4 Bd6 28. Rxa6 Bf4+ 29. Kd1 Rb1+ 30. Ke2 Rxf1 31. Ra7+ Kf8 32. Kxf1 Bxh2
33. Bxh5 Bxh5 34. Rh7 Bg6 35. Rxh2 Bxc2 36. Kf2 Kg7 37. Ke3 Bb3 38. g3 Bc4 39.
Kf4 Kg6 40. Rb2 e5+ 41. Kf3 Kg5 42. Rb8 Kf5 43. Rd8 Bb3 44. Rd6 1/2-1/2

[Event "40th Olympiad Open"]
[Site "Istanbul TUR"]
[Date "2012.08.31"]
[Round "4.24"]
[Board "3"]
[White "Nguyen, Van Huy"]
[Black "Halay, Taufik"]
[Result "1/2-1/2"]
[WhiteTitle "IM"]
[BlackTitle "IM"]
[WhiteElo "2506"]
[BlackElo "2361"]
[WhiteTeam "Vietnam"]
[BlackTeam "Indonesia"]
[WhiteFideId "12401064"]
[BlackFideId "7101392"]
[EventDate "2012.08.28"]

1. d4 d5 2. Nf3 e6 3. c4 c6 4. Qb3 Nf6 5. g3 Nbd7 6. Bg2 Bd6 7. O-O O-O 8. Nc3
Re8 9. Rd1 Qe7 10. Bf4 Bxf4 11. gxf4 Nf8 12. e3 Ng6 13. Rac1 Ng4 14. Ne2 Nh4 15.
Ng3 Nxf3+ 16. Bxf3 Qh4 17. Bxg4 Qxg4 18. Rd2 g6 19. Qd1 Qh4 20. Qf3 Bd7 21. Nf1
Qf6 22. Qg3 h6 23. h4 Kh7 24. Nh2 Qe7 25. Nf3 Rg8 26. Kf1 dxc4 27. Rxc4 Rac8 28.
Kg1 c5 29. Rxc5 Rxc5 30. dxc5 Bc6 31. Rd6 Rd8 32. f5 gxf5 33. Rxd8 Qxd8 34. Nd4
Bd5 35. b4 Bxa2 36. b5 Bd5 37. f3 Qa5 38. c6 bxc6 39. bxc6 Qc3 40. c7 Qxe3+ 41.
Kg2 Bb7 42. Qd6 Qd2+ 43. Kh3 Qd3 44. Qd7 Qf1+ 45. Kh2 Qf2+ 46. Kh3 Qf1+ 47. Kh2 1/2-1/2

[Event "40th Olympiad Open"]
[Site "Istanbul TUR"]
[Date "2012.08.31"]
[Round "4.25"]
[Board "1"]
[White "Cori, Jorge"]
[Black "Zhigalko, Andrey"]
[Result "1-0"]
[WhiteTitle "GM"]
[BlackTitle "GM"]
[WhiteElo "2487"]
[BlackElo "2582"]
[WhiteTeam "Peru"]
[BlackTeam "Belarus"]
[WhiteFideId "3802272"]
[BlackFideId "13502247"]
[EventDate "2012.08.28"]

1. d4 Nf6 2. Nf3 g6 3. c4 Bg7 4. g3 c5 5. d5 b5 6. cxb5 a6 7. bxa6 d6 8. Nc3 Qa5
9. Bd2 O-O 10. Bg2 Nxa6 11. O-O Qb6 12. e4 Qxb2 13. e5 Ne8 14. Rb1 Qa3 15. Rb3
Qa5 16. Re1 Bg4 17. Re4 Bxf3 18. Bxf3 Bxe5 19. Na4 Qd8 20. Nb6 Rb8 21. Ba5 Nac7
22. Qd2 Bd4 23. Rh4 Bf6 24. Re4 e5 25. Re1 Bg5 26. Qc2 f5 27. a4 Nf6 28. Reb1 e4
29. Be2 f4 30. Bc3 f3 31. Bxf6 Bxf6 32. Bf1 Qe7 33. Re1 Rbe8 34. Rbe3 Qd8 35. a5
Bd4 36. Rxe4 Rxe4 37. Rxe4 Ne8 38. Bh3 Nf6 39. Rf4 g5 40. Be6+ Kg7 41. Rxf3 Qe8
42. Qd3 g4 43. Rf4 Qg6 44. Qxg6+ hxg6 45. a6 g5 46. Rf5 Kg6 47. a7 c4 48. Nxc4
Bc5 49. Na5 Bxa7 50. Nc6 Bb6 51. Ne7+ Kh5 52. Kg2 Bd8 53. Nc6 Kg6 54. f3 gxf3+
55. Rxf3 Re8 56. g4 Bb6 57. Rb3 Bc5 58. Rb7 Ra8 59. Ne7+ Kg7 60. Ng8+ Kh8 61.
Nh6 Ra2+ 62. Kf1 Rxh2 63. Nf7+ Kg7 64. Nxd6+ Kh6 65. Nf5+ Kg6 66. Rg7# 1-0

[Event "40th Olympiad Open"]
[Site "Istanbul TUR"]
[Date "2012.08.31"]
[Round "4.25"]
[Board "3"]
[White "Leiva, Giuseppe"]
[Black "Stupak, Kirill"]
[Result "1/2-1/2"]
[WhiteTitle "FM"]
[BlackTitle "GM"]
[WhiteElo "2283"]
[BlackElo "2523"]
[WhiteTeam "Peru"]
[BlackTeam "Belarus"]
[WhiteFideId "3804399"]
[BlackFideId "13503758"]
[EventDate "2012.08.28"]

1. d4 e6 2. Nf3 Nf6 3. e3 c5 4. Bd3 b6 5. O-O Bb7 6. c4 Be7 7. Nc3 cxd4 8. exd4
d6 9. d5 e5 10. b4 a5 11. bxa5 Rxa5 12. Nd2 Nbd7 13. Nb3 Ra8 14. Re1 O-O 15. a4
Re8 16. Bf1 Ba6 17. Be3 Bf8 18. h3 g6 19. a5 bxa5 20. Nxa5 Qc8 21. Nc6 Nb8 22.
Nb4 Nfd7 23. Nb5 Nc5 24. Qc2 Nbd7 25. Nxa6 Rxa6 26. Rxa6 Nxa6 27. Ra1 Ndc5 28.
Bxc5 Nxc5 29. Ra7 e4 30. Nd4 Bg7 31. Nc6 Bf6 32. Qd2 Qf5 33. g4 e3 34. Qxe3 Rxe3
35. gxf5 Rf3 36. fxg6 hxg6 37. Ra2 Kg7 38. Rc2 Ra3 39. Kg2 Ne4 40. Re2 Nc5 41.
Rc2 Ne4 42. Re2 Nc5 43. Rc2 Bc3 44. Re2 Ra1 45. Rc2 Bf6 46. Nb4 Rd1 47. Be2 Re1
48. Bf1 Rd1 49. Be2 Rd4 50. Nc6 Re4 51. Na7 Nb3 52. Nb5 Be5 53. Kf3 Nc5 54. Kg2
Rf4 55. f3 Rf5 56. Ra2 Kh6 57. Ra7 Kg5 58. Rc7 Kh4 59. Rc6 Rf6 60. Rc8 Kg5 61.
Rc6 Kf4 62. Kf2 Nb3 63. h4 Nd4 64. Nxd4 Bxd4+ 65. Kg2 Ke3 66. Bd1 Bc5 67. Rc7
Kd3 68. Ba4 Kxc4 69. Be8 Kxd5 70. Bxf7+ Ke5 1/2-1/2

[Event "40th Olympiad Open"]
[Site "Istanbul TUR"]
[Date "2012.08.31"]
[Round "4.25"]
[Board "4"]
[White "Kovalev, Vladislav"]
[Black "Pacheco, Marco"]
[Result "1/2-1/2"]
[WhiteTitle "IM"]
[BlackTitle "FM"]
[WhiteElo "2485"]
[BlackElo "2383"]
[WhiteTeam "Belarus"]
[BlackTeam "Peru"]
[WhiteFideId "13504398"]
[BlackFideId "3800989"]
[EventDate "2012.08.28"]

1. e4 e6 2. d4 d5 3. Nd2 c5 4. exd5 Qxd5 5. Ngf3 cxd4 6. Bc4 Qd6 7. O-O Nf6 8.
Nb3 Nc6 9. Nbxd4 Nxd4 10. Nxd4 a6 11. Re1 Qc7 12. Bb3 Bd6 13. Nf5 Bxh2+ 14. Kh1
O-O 15. Nxg7 Rd8 16. Qf3 Kxg7 17. Bh6+ Kg6 18. c3 Nh5 19. Bc1 Bf4 20. g4 Ng3+
21. fxg3 Bxc1 22. Raxc1 b6 23. Bc2+ Kg7 24. Be4 Rb8 25. Rc2 Bb7 26. Rh2 Bxe4 27.
Qxe4 Qb7 28. Rxh7+ Kg8 29. Qxb7 Rxb7 30. Rh2 Rd3 31. Kg2 Rbd7 32. Re2 Kg7 33.
Rh1 Rd2 34. Kf2 R7d3 35. Re1 Kg6 36. Rxd2 Rxd2+ 37. Re2 Rd3 38. Kg2 Kg5 39. Kh3
Rd1 40. Re5+ Kf6 41. Re4 Rd2 42. Rb4 b5 43. a4 bxa4 44. Rxa4 Rxb2 45. Rxa6 Rc2
46. Rc6 Kg6 47. Rc5 f6 48. Rc8 1/2-1/2

[Event "40th Olympiad Open"]
[Site "Istanbul TUR"]
[Date "2012.08.31"]
[Round "4.26"]
[Board "3"]
[White "Latorre, Manuel"]
[Black "Vajda, Levente"]
[Result "1/2-1/2"]
[WhiteTitle "FM"]
[BlackTitle "GM"]
[WhiteElo "2303"]
[BlackElo "2612"]
[WhiteTeam "Paraguay"]
[BlackTeam "Romania"]
[WhiteFideId "3700844"]
[BlackFideId "1203975"]
[EventDate "2012.08.28"]

1. d4 Nf6 2. c4 c5 3. d5 e5 4. Nc3 d6 5. e4 Nbd7 6. Bd3 Be7 7. Nf3 O-O 8. h3 a6
9. Be3 b6 10. a3 Ne8 11. Qd2 Nc7 12. Rb1 Nf6 13. b4 Nce8 14. O-O g6 15. bxc5
bxc5 16. Bxc5 dxc5 17. Nxe5 Bd7 18. f4 Bd6 19. Nf3 Nh5 20. e5 Ng3 21. Rfe1 Bc7
22. e6 fxe6 23. dxe6 Bxe6 24. Rxe6 Ng7 25. Ree1 Ba5 26. Re5 Ra7 27. Qc2 Bc7 28.
Nd5 Bxe5 29. Nxe5 Qc8 30. Qb2 N7f5 31. Qb6 Rg7 32. Re1 Rb7 33. Qxa6 Rb1 34. Qa5
Qa8 35. Qc3 Rxe1+ 36. Qxe1 Qxa3 37. Bxf5 Nxf5 38. Nd7 Ra8 39. Qe6+ Kg7 40. Qf6+
Kg8 41. Qe6+ Kg7 42. Qf6+ Kg8 43. Qe6+ 1/2-1/2